000 00406ntaaa2200169 4500
003 01
005 20251027202549.0
008 0714s1973 ag 01
040 _aAR-BaBN
_bspa
_cAR-BaBN
_eaacr
_dRIC
082 _a301.4240 W99
100 _aWyrtzen, Jack
245 _aSex and the Bible
250 _a1 ed.
260 _aGrand Rapids :
_bZondervan Publishing House,
_cc1958
300 _a63 p
942 _cBK
999 _c20684
_d20684